Los animales / (Record no. 81184)

MARC details
000 -LEADER
campo de control de longitud fija 01026nam a2200265 i 4500
001 - NÚMERO DE CONTROL
campo de control 81184
003 - IDENTIFICADOR DE NÚMERO DE CONTROL
campo de control ES-MaACL
005 - FECHA Y HORA DE LA ÚLTIMA TRANSACCIÓN
campo de control 20250814063221.0
007 - CAMPO FIJO DE DESCRIPCIÓN FÍSICA--INFORMACIÓN GENERAL
campo de control de longitud fija t|
008 - DATOS DE LONGITUD FIJA--INFORMACIÓN GENERAL
campo de control de longitud fija 041103e1966 sp a r 00|10 spa
017 ## - NÚMERO DE COPYRIGHT O DE DEPÓSITO LEGAL
Número de copyright o de depósito legal B 36865-1966
Agencia que asigna Oficina Depósito Legal Barcelona
080 ## - NÚMERO DE LA CLASIFICACIÓN DECIMAL UNIVERSAL
Número de la Clasificación Decimal Universal 7.042
245 04 - MENCIÓN DEL TÍTULO
Título Los animales /
Mención de responsabilidad, etc. patrocinado por la Confederación Mundial de Organizaciones de Profesionales de la Enseñanza (CMOPE) bajo los auspicios de la Unesco París
250 ## - MENCION DE EDICION
Mención de edición 1ª ed.
260 ## - PUBLICACIÓN, DISTRIBUCIÓN, ETC.
Lugar de publicación, distribución, etc. [Barcelona] :
Nombre del editor, distribuidor, etc. Vicens-Vives,
Fecha de publicación, distribución, etc. 1966
300 ## - DESCRIPCIÓN FÍSICA
Extensión 64 páginas :
Otras características físicas ilustraciones ;
Dimensiones 31 cm
490 1# - MENCIÓN DE SERIE
Mención de serie El hombre a través del arte ;
Designación de volumen o secuencia 3
RLIN 231525
650 #4 - PUNTO DE ACCESO ADICIONAL DE MATERIA--TÉRMINO DE MATERIA
Término de materia o nombre geográfico como elemento de entrada Animales-
Subdivisión general En el arte
9 (RLIN) 138212
710 2# - ENTRADA AGREGADA--NOMBRE DE ENTIDAD CORPORATIVA
Nombre de entidad corporativa o nombre de jurisdicción como elemento de entrada Confederación Mundial de Organizaciones de Profesionales de la Enseñanza (París)
Término indicativo de función/relación Patrocinador
9 (RLIN) 169068
830 #3 - PUNTO DE ACCESO ADICIONAL DE SERIE-TÍTULO UNIFORME
Título uniforme El hombre a través del arte ;
Designación de volumen o secuencia 3
9 (RLIN) 231525
852 ## - LOCALIZACIÓN
Ubicación ES-MaACL
Sublocalización o colección R.62644
Ubicación en estantería Depósito 2
Número de control de estantería P-1162
942 ## - ELEMENTOS DE ENTRADA SECUNDARIOS (KOHA)
Fuente del sistema de clasificación o colocación Clasificación decimal universal
Tipo de ítem Koha Libro impreso
Suprimir en OPAC No
Holdings
Estatus retirado Estado de pérdida Estado de daño No para préstamo Biblioteca de origen Biblioteca actual Ubicación en estantería Fecha de adquisición Fuente de adquisición Total de préstamos Signatura topográfica completa Código de barras Visto por última vez Precio de reemplazo Tipo de ítem Koha
        Biblioteca del Ateneo de Madrid Biblioteca del Ateneo de Madrid Depósito 2 17/01/2008     P-1162 1084868 23/02/2023 23/02/2023 Libro impreso